Locos egregios / (Record no. 186431)

MARC details
000 -LEADER
campo de control de longitud fija 00702nam a2200241 i 4500
001 - NÚMERO DE CONTROL
campo de control 186431
003 - IDENTIFICADOR DE NÚMERO DE CONTROL
campo de control SpMaBN
005 - FECHA Y HORA DE LA ÚLTIMA TRANSACCIÓN
campo de control 20231209062948.0
008 - DATOS DE LONGITUD FIJA--INFORMACIÓN GENERAL
campo de control de longitud fija 161111s1984 sp ac |||| |dspa d
020 ## - NÚMERO INTERNACIONAL ESTÁNDAR DEL LIBRO
Número Internacional Estándar del Libro 84-237-0373-8
080 ## - NÚMERO DE LA CLASIFICACIÓN DECIMAL UNIVERSAL
Número de la Clasificación Decimal Universal 929(100)
100 1# - ENTRADA PRINCIPAL--NOMBRE DE PERSONA
Nombre de persona Vallejo-Nágera, Juan Antonio,
Fechas asociadas al nombre 1926-1990
9 (RLIN) 112855
245 10 - MENCIÓN DEL TÍTULO
Título Locos egregios /
Mención de responsabilidad, etc. Juan Antonio Vallejo-Nágera.
250 ## - MENCION DE EDICION
Mención de edición 14ª ed.
260 ## - PUBLICACIÓN, DISTRIBUCIÓN, ETC.
Lugar de publicación, distribución, etc. Madrid :
Nombre del editor, distribuidor, etc. Dossat,
Fecha de publicación, distribución, etc. 1984.
300 ## - DESCRIPCIÓN FÍSICA
Extensión 421 p. :
Otras características físicas il., retr. ;
Dimensiones 18 cm.
504 ## - NOTA DE BIBLIOGRAFÍA, ETC.
Nota de bibliografía, etc. Referencias bibliográficas.
595 ## -
-- Ed. de bolsillo.
599 ## - NOTA A LAS ILUSTRACIONES
NOTA A LAS ILUSTRACIONES Retr. del autor.
650 #7 - PUNTO DE ACCESO ADICIONAL DE MATERIA--TÉRMINO DE MATERIA
Término de materia o nombre geográfico como elemento de entrada Biografías.
9 (RLIN) 10574
852 ## - LOCALIZACIÓN
Ubicación ES-MaACL
Número de control de estantería L-30790
Holdings
Estatus retirado Estado de pérdida Estado de daño No para préstamo Biblioteca de origen Biblioteca actual Ubicación en estantería Fecha de adquisición Fuente de adquisición Total de préstamos Signatura topográfica completa Código de barras Visto por última vez Precio de reemplazo Tipo de ítem Koha
        Biblioteca del Ateneo de Madrid Biblioteca del Ateneo de Madrid Depósito 2 11/11/2016     L-30790 1196596 23/02/2023 23/02/2023 Libro impreso